000 00544nam a2200205Ia 4500
003 GCL
008 140319s9999 xx 000 0 ara d
040 _aGCL /
_cGCL
082 0 4 _a320.53
_bر س
100 1 _aعبدالكريم احمد
245 1 0 _aسبل الحرية /
_cعبدالكريم احمد
700 1 _aرسل ، برتراند
300 _a211 ص
490 _a
650 0 4 _aالماركسية
650 0 4 _aالاحوال السياسية
650 0 4 _aالشيوعية
650 0 4 _aالحرية
942 _2ddc
_cBK
999 _c45718
_d45718